000 02227nam a2200325 a 4500
005 20091224152739.0
008 080212s2008 nyua j b 001 0 eng
010 _aB-389393-399
020 _a9781846967047
_c150.00
035 _a389393-399
037 _bScholastic
040 _adpl
_bEnglish
082 _a597.98
100 _aJackson, Tom
245 _aMonster crocs /
_cby Tom Jackson
260 _aKent
_bTicktock Media
_c2008
270 _aThe Old Sawmill, 103 Goods Station Road, Tunbridge Wells,
_bKent
300 _a32 p. :
_bcol. photos
_c25cm(pbk)
504 _aIncludes index
650 _aCrocodiles
_vJuvenile literature.
942 _2ddc
_cCH
_h597.98
_mJAC
999 _c33363
_d33363